Répliques de film #Titanic - Statistiques

Statistiques générales
  • Ce quiz a été pris 1 069 fois
  • Le résultat moyen est 8 sur 13
Statistiques - réponses
Hint Réponse % Correct
Je suis le maître du ___ ! monde
97%
On est les fils de pute les plus ____ du monde ! chanceux
90%
Vous m'apprendrez à ___ comme un homme ! cracher
82%
- Alors voila donc le paquebot que l'on dit ______. - Il est ______, Dieu lui même ne pourrait pas couler ce bateau ! insubmersible
75%
Je vois déjà la statue de la liberté. En __ __ bien sur. tout petit
71%
On apprend à accepter la vie comme elle vient, pour que chaque jour ___ compte
62%
Il me semble que vous rougissez M. Le grand artiste. Je n'imagine pas M. Monet en train de sourire. - Ce sont des ____ qu'il peint. paysages
60%
Oublie-la, t'as plus de chance de te voir sortir des anges du ___ _ ___que de fréquenter une fille comme ça. trou de balle
58%
- Où va t-on mademoiselle ? - Dans les ____ ! étoiles
56%
Malgré tout le respect que j'vous dois, ce n'est pas moi qui suis suspendu à la ____ d'un bateau. poupe
52%
Mon coeur n'a cessé de battre tout le temps, ce fut le moment le plus ____ de toute ma vie. erotique
35%
Viens Joséphine dans ma machine qui vole, qui vole, s'envole comme une ____ folle
33%
Je n'aime plus le monde dans lequel je vis. Et tous les gens autour de moi... et l'inertie de mon ____ qui se dérobe sous mes pas, sans que je puisse l'en empêcher existence
30%
Aucun quiz correspondant
Distribution des résultats
% des personnes avec chaque résultat
Percentile par nombre de réponses
Votre historique - résultats
Vous n’avez pas pris ce quiz